Statistics for Most Subscribed Youtube Channels

Click here to take the quiz!

General Stats

  • This quiz has been taken 7 times
  • The average score is 10 of 20

Answer Stats

# of subscribersChannel% Correct
107 millionPewdiepie
100%
45 millionMr Beast
83%
158 millionT series
83%
96 millionCoCo Melon
67%
53 millionDude Perfect
67%
58 millionJustin Bieber
67%
69 million5 Minute Crafts
50%
52 millionBlackpink
50%
45 millionMovieclips
50%
86 millionSET India
50%
68 millionWWE
50%
52 millionZee Tv
50%
45 millionBig Hit Labels
33%
45 millionEd Sheeran
33%
66 millionKids Diana Show
33%
63 millionLike Nastya
33%
49 millionMarshmello
33%
56 millionVlad and Nikita
33%
63 millionZee Music Company
33%
61 millionCanal KondZilla
17%

Score Distribution

Percentile by Number Answered

Percent of People with Each Score

Your Score History

You have not taken this quiz